Регионална библиотека "Любен Каравелов" - Русе

Няма връщане назад (Запис номер 160501)

MARC детайли
000 -Лидер
Контролно поле с фиксирана дължина 01741nam a2200421 c 4500
003 - Код на организацията, давaща контролен номер
Контролно поле BLK
005 - Дата и час на последна редакция
Контролно поле 20250705134252.0
008 - Елементи от данни с фиксирана дължина
fixed length control field 180410b bul|||||r ||||||| ||bul||
010 ## - Наследен системен номер
LC control number KNG00167716000
020 ## - Международен стандартен номер на книга ISBN
Международен стандартен номер на книга ISBN 978-954-625-937-0
040 ## - Източник на каталожния запис
Идентификатор на билиотеката - собственик на записа BLK
041 ## - Код за език
Код за езика на текст/звукозапис или на отделно заглавие Български
Код за езика КДБФ Български
072 #7 - Код за тематичната категория
Код организация bullib
Код за тематична категория Н85
Текст Детска художествена литература Н
080 ## - УДК
Текстов определител УДК Английска литература
УДК код - определител по УДК 821.111
УДК определител -93-32
УДК - код + определител 821.111-93-32
100 1# - Редна дума - Автор
Автор Робинс, Холи
Авторска отговорност първи автор
Автор - информация (биография) Раплей, Белинда
R(LIN) 334869
139 ## - Редно поле
Редна дума Раплей, Белинда
Авторски знак Рап - Р 37
245 10 - Сведения за заглавието
Заглавие Няма връщане назад
Редно поле (дума) Холи Робинс; * Белинда Раплей; ил. Джо Бъргър; прев. Гергана Димитрова Стойчева.
257 ## - Страна на издаване
Страна на създаване/издаване Великобритания
260 ## - Област на издателските данни
Име на издателя, разпространителя и проч. Фют
Година на издаване 2014
300 ## - Физическа характеристика
Страници 159 с.
Размери/Мащаб 20 см
380 ## - Жанр
Жанр Детска худож. лит.
490 1# - СЕРИИ (Колекции)
Име на серия НДПЗ Най-добри приятелки завинаги
№: серия Кн. 1
500 ## - Общи забележки
Забележка Ориг. загл. BFFS. Sink or Swim / Belinda Rapley. - Холи Робинс е псевд. на Белинда Раплей.
653 ## - Ключова дума – ненормативна
Ключова дума повести
653 ## - Ключова дума – ненормативна
Ключова дума литература за деца
653 ## - Ключова дума – ненормативна
Ключова дума детска литература
659 ## - Тематичен бюлетин
Тематичен бюлетин Н
700 1# - Други автори (авторска отговорност)
Лично име Раплей, Белинда
Автороска отговорност (Описва отношението между автора и произведението) *
9 (RLIN) 334870
700 1# - Други автори (авторска отговорност)
Лично име Бъргър, Джо
Автороска отговорност (Описва отношението между автора и произведението) ил.
9 (RLIN) 334871
700 1# - Други автори (авторска отговорност)
Лично име Стойчева, Гергана Димитрова
Автороска отговорност (Описва отношението между автора и произведението) прев.
9 (RLIN) 334872
852 ## - Местоположение
Форматна сигнатура Цб 277625
856 4# - Електронен адрес и достъп
Електронен формат pdf - файл
856 4# - Електронен адрес и достъп
Електронен формат pdf - файл
999 ## - СИСТЕМНИ КОНТРОЛНИ НОМЕРА
Koha biblionumber 160501
Koha biblioitemnumber 160501
942 ## - АРТИКУЛИ
Вид на библиотечния материал Книги
Скрит в OPAC Не
Koha issues (borrowed), all copies 12
Периодичен библиозапис Да
944 ## - СЪЗДАВАНЕ И РЕДАКЦИЯ на ЗАПИСА
Създаване/Редакция Създаване
Дата на регистрацията/редакция 26.11.2014
Статус, дата на статуса Цветелина Шанова
Служител, извършил регистрацията/редакцията 30531
944 ## - СЪЗДАВАНЕ И РЕДАКЦИЯ на ЗАПИСА
Създаване/Редакция Редакция
Дата на регистрацията/редакция 03.11.2015
Статус, дата на статуса ф /
Служител, извършил регистрацията/редакцията Людмила_Стоянова
999 ## - СИСТЕМНИ КОНТРОЛНИ НОМЕРА
Koha biblioitemnumber 160501
Наличности
Код за отписване Код за изгубен артикул Код за повреда Коз за рестрикции Код за отдаване Артикулен № Име на библиотеката - собственик Име на библиотеката, в която се намира в момента Статус (Текущо местоположение) Дата на вписване в системата Местоположение - отдел Цена в лева Инвентарен номер Систематично азбучна сигнатура Баркод Номер на екземпляра Цена в евро Служебна бележка Служебен тип на артикула
  Не е изгубен Не е повреден без рестрикции заемане за дома 268253 Регионална библиотека "Любен Каравелов" Русе Регионална библиотека "Любен Каравелов" Русе Детски отдел 2014-11-29 Детски отдел 5.99 120000782939 ДХ 820/899/Р 37 120000782939 1 3.06 Дост: Pk Вид: Ф N: 418 Дата: 22.11.2014 Дата инв: 18.09.2015 Бележки инв: Д2015 Книги
  Не е изгубен Не е повреден без рестрикции заемане за дома 268254 Регионална библиотека "Любен Каравелов" Русе Регионална библиотека "Любен Каравелов" Русе Детски отдел 2015-02-25 Детски отдел 5.99 120000785850 ДХ 820/899/Р 37 120000785850 2 3.06 Дост: Pk Вид: Ф N: 426 Дата: 23.02.2015 Дата инв: 10.08.2015 Бележки инв: Д2015 Книги
  Не е изгубен Не е повреден без рестрикции ползва се в читалня 268255 Регионална библиотека "Любен Каравелов" Русе Регионална библиотека "Любен Каравелов" Русе Хранилище 2015-10-22 Хранилище 5.99 120000793922 Цб 277625 120000793922 3 3.06 Дост: Dp Вид: Д N: 37 Дата: 28.08.2015 Книги
Vip Innovations Ltd, Rousse, Bulgaria 2025